000 00788nam a2200253Ia 4500
003 OSt
005 20220918170606.0
006 a|||||r|||| 00| 0
007 ta
008 220917b |||||||| |||| 00| 0 eng d
020 _a9780415319560 (pbk)
_c1040.88
024 _a239,348
037 _b04099, 27/08/2009, Atlantic Publisher & Dist.Pvt.Ltd.
_cTextual
040 _aARTS
_cARTS
_beng
041 _2eng
_aeng
082 _aO111,1:g, P9
100 _aBrewster Scott
_929904
245 0 _aLyric
260 _aLondon
_bRoutledge UK
_c2009
300 _avi, 167p.
_ccm.
650 _aENGLISH LITERATURE; ENGLISH POETRY
_927908
942 _hO111,1:g, P9
_cTEXL
_2CC
999 _c134756
_d134756